Statistiche per Quiz sul Koala

Clicka qui per fare il quiz!

Statistiche generali

  • Questo quiz è stato fatto 8 volte
  • Il punteggio medio è 8 su 14

Statistiche sulle risposte

DomandeRisposte% Corretto
In quale paese vivono principalmente?Australia
100%
Di quale alimento si nutrono principalmente?Eucalipto
83%
Per quante ore al giorno rimangono immobili?18-19
67%
Quanti centimetri è alto un koala alla nascita?2
67%
Di quanti anni è la durata media della vita?20
67%
Quanti giorni dura la gestazione?25-30
67%
Quanti grammi pesa un koala alla nascita?5
67%
Di quale parte del corpo, tipica degli animali, sono sprovvisti?Coda
67%
Quale organo è capace di disattivare le tossine delle foglie che mangiano?Fegato
67%
Dove stanno, per sei mesi, una volta usciti dal grembo?Marsupio
67%
Di cosa si nutrono nei primi sei mesi di vita?Latte
50%
Da quale parola deriva il nome comune "koala"?Gula
0%
A quale famiglia appartengono?Phascolarctidae
0%
Qual è il nome scientifico?Phascolarctos cinereus
0%

Distribuzione punteggi

Percentile per numero di risposta

Percentuale di utenti per punteggio

I tuoi punteggi nel tempo

Non hai fatto questo quiz